00672nam a2200193Ia 4500008004100000082001400041100003400055245004500089250000800134260003200142300001300174500002400187650001200211700001900223942000700242952010600249952010600355999001700461230524s9999 xx 000 0 und d a4.16bCHH aBhupendra Singh Chhabra95242 0a8085 Microprocessor and Its Applications a1ST aNEW DELHIbDhanpatraic2003 aVIII;568 aQuantity Number: 2 aComp-Sc a Amrit Chhabra cBK 00104070aTATCLbTATCLcGENd2023-05-24l0o004.16 CHHp15539r2023-05-24w2023-05-24yBKzCPEN5306 00104070aTATCLbTATCLcGENd2023-05-24l0o004.16 CHHp15540r2023-05-24w2023-05-24yBKzCPEN5306 c36549d36549